| 000 | 00000nam 2200000zi 4500 |
| 001 | 9.913946 |
| 003 | CaOODSP |
| 005 | 20250107144057 |
| 006 | m o d f |
| 007 | cr mn||||||||| |
| 008 | 220729s2023 onc obs f000 0 eng d |
| 020 | |a9780660447865 |
| 040 | |aCaOODSP|beng|erda|cCaOODSP |
| 043 | |an-cn--- |
| 045 | |ay1y2 |
| 086 | 1 |aPS83-5/R459E-PDF |
| 245 | 00|aInflammatory agents and use of force : |bprevalence amongst self-injurious behaviour incidents. |
| 264 | 1|a[Ottawa] : |bCorrectional Service Canada = Service correctionnel Canada, |c2023. |
| 300 | |a1 online resource (1 page). |
| 336 | |atext|btxt|2rdacontent |
| 337 | |acomputer|bc|2rdamedia |
| 338 | |aonline resource|bcr|2rdacarrier |
| 490 | 1 |aResearch at a glance ; |vR-459 |
| 500 | |aIssued also in French under title: Agents inflammatoires et recours à la force : prévalence dans les incidents d'automutilation. |
| 504 | |aIncludes bibliographical references. |
| 650 | 0|aPrisoners|zCanada|xSafety measures|vStatistics. |
| 650 | 0|aSelf-injurious behavior|zCanada|xPrevention|vStatistics. |
| 650 | 0|aSelf-destructive behavior|zCanada|xPrevention|vStatistics. |
| 650 | 0|aPrisoners|xSuicidal behavior|zCanada|xPrevention|vStatistics. |
| 650 | 0|aPepper spray|zCanada. |
| 650 | 0|aTear gas|zCanada. |
| 655 | 7|aStatistics|2lcgft |
| 710 | 2 |aCorrectional Service Canada, |eissuing body. |
| 775 | 08|tAgents inflammatoires et recours à la force : |w(CaOODSP)9.913948 |
| 830 | #0|aResearch at a glance (Correctional Service Canada)|vR-459.|w(CaOODSP)9.506649 |
| 856 | 40|qPDF|s194 KB|uhttps://publications.gc.ca/collections/collection_2023/scc-csc/PS83-5-R459-eng.pdf |
| 856 | 4 |qHTML|sN/A|uhttps://www.csc-scc.gc.ca/research/005008-r459-en.shtml |